Encyclopedia of library and information science, second edition. (Record no. 6617)

000 -LEADER
fixed length control field 01231cam a2200289 a 4500
001 - CONTROL NUMBER
control field 13984712
005 - DATE AND TIME OF LATEST TRANSACTION
control field 20241119102044.0
008 - FIXED-LENGTH DATA ELEMENTS--GENERAL INFORMATION
fixed length control field 050527s2005 fluab b 001 0 eng
010 ## - LIBRARY OF CONGRESS CONTROL NUMBER
LC control number 2005050285
020 ## - INTERNATIONAL STANDARD BOOK NUMBER
International Standard Book Number 9780849338946 (acidfree paper)
International Standard Book Number 0849338948 (acidfree paper)
040 ## - CATALOGING SOURCE
Original cataloging agency DLC
Transcribing agency DLC
Modifying agency DLC
050 00 - LIBRARY OF CONGRESS CALL NUMBER
Classification number Z1006
Item number .E57 2003 Suppl.
082 00 - DEWEY DECIMAL CLASSIFICATION NUMBER
Classification number 020.3
Edition number 23
245 00 - TITLE STATEMENT
Title Encyclopedia of library and information science, second edition.
Number of part/section of a work First update supplement /
Statement of responsibility, etc. edited by Miriam A. Drake.
260 ## - PUBLICATION, DISTRIBUTION, ETC.
Place of publication, distribution, etc. Boca Raton, FL :
Name of publisher, distributor, etc. Taylor & Francis,
Date of publication, distribution, etc. 2005.
300 ## - PHYSICAL DESCRIPTION
Extent xi, 421 p. :
Other physical details ill., maps ;
Dimensions 29 cm.
504 ## - BIBLIOGRAPHY, ETC. NOTE
Bibliography, etc. note Includes bibliographical references and index.
650 #0 - SUBJECT ADDED ENTRY--TOPICAL TERM
Topical term or geographic name entry element Library science
Form subdivision Encyclopedias.
9 (RLIN) 5377
Topical term or geographic name entry element Information science
Form subdivision Encyclopedias.
9 (RLIN) 5378
700 1# - ADDED ENTRY--PERSONAL NAME
Personal name Drake, Miriam A.
9 (RLIN) 5379
730 0# - ADDED ENTRY--UNIFORM TITLE
Uniform title Encyclopedia of library and information science.
9 (RLIN) 5380
856 42 - ELECTRONIC LOCATION AND ACCESS
Materials specified Publisher description
Uniform Resource Identifier <a href="http://www.loc.gov/catdir/enhancements/fy0648/2005050285-d.html">http://www.loc.gov/catdir/enhancements/fy0648/2005050285-d.html</a>
906 ## - LOCAL DATA ELEMENT F, LDF (RLIN)
a 7
b cbc
c orignew
d 1
e ocip
f 20
g y-gencatlg
942 ## - ADDED ENTRY ELEMENTS (KOHA)
Source of classification or shelving scheme
Koha item type Books (Long term)
Holdings
Withdrawn status Lost status Source of classification or shelving scheme Damaged status Not for loan Collection code Permanent Location Current Location Shelving location Date acquired Total Checkouts Full call number Barcode Date last seen Price effective from Koha item type Accession
          English Collection Shan State Buddhist University Library Shan State Buddhist University Library English Shelves 07/05/2022   020.3 En 17895 EB00017895 07/05/2022 07/05/2022 Books (Long term) 17895
          English Collection Shan State Buddhist University Library Shan State Buddhist University Library English Shelves 23/05/2022   020.3 En 18114 EB00018114 23/05/2022 23/05/2022 Books (Long term) 18114

Library - 09407999929
Admin Office - 09407999979
Dean Office - 09250910768
Registrar Office - 09892297154
Email - [email protected]
Shan State Buddhist University, Phaya Phyu Taunggyi, Shan State, Myanmar.